<?xml version="1.0" encoding="UTF-8"?>
<record
    xmlns:xsi="http://www.w3.org/2001/XMLSchema-instance"
    xsi:schemaLocation="http://www.loc.gov/MARC21/slim http://www.loc.gov/standards/marcxml/schema/MARC21slim.xsd"
    xmlns="http://www.loc.gov/MARC21/slim">

  <leader>00714nam a2200253 a 4500</leader>
  <datafield tag="999" ind1=" " ind2=" ">
    <subfield code="c">2078</subfield>
    <subfield code="d">2078</subfield>
  </datafield>
  <controlfield tag="007">ta</controlfield>
  <controlfield tag="008">200205s2011    ii ad||g |||| 001 0 eng d</controlfield>
  <datafield tag="020" ind1=" " ind2=" ">
    <subfield code="a">9788132107514</subfield>
    <subfield code="c">Rs. 525.00</subfield>
  </datafield>
  <datafield tag="040" ind1=" " ind2=" ">
    <subfield code="a">KO</subfield>
    <subfield code="b">eng</subfield>
  </datafield>
  <datafield tag="041" ind1="0" ind2=" ">
    <subfield code="a">eng</subfield>
  </datafield>
  <datafield tag="044" ind1=" " ind2=" ">
    <subfield code="a">ii</subfield>
  </datafield>
  <datafield tag="082" ind1="0" ind2="4">
    <subfield code="2">23</subfield>
    <subfield code="a">001.42</subfield>
    <subfield code="b">W157</subfield>
  </datafield>
  <datafield tag="100" ind1="1" ind2=" ">
    <subfield code="a">Walliman, Nicholas</subfield>
  </datafield>
  <datafield tag="245" ind1="1" ind2="0">
    <subfield code="a">Your Research Project :</subfield>
    <subfield code="b">Designing and Planning Your Work /</subfield>
  </datafield>
  <datafield tag="250" ind1=" " ind2=" ">
    <subfield code="a">3rd ed.</subfield>
  </datafield>
  <datafield tag="260" ind1=" " ind2=" ">
    <subfield code="a">New Delhi :</subfield>
    <subfield code="b">SAGE publications India Pvt Ltd,</subfield>
    <subfield code="c">2011.</subfield>
  </datafield>
  <datafield tag="300" ind1=" " ind2=" ">
    <subfield code="a">xxi , 378 p. :</subfield>
    <subfield code="b">ill., Charts. ;</subfield>
    <subfield code="c">25 cm .</subfield>
  </datafield>
  <datafield tag="504" ind1=" " ind2=" ">
    <subfield code="a">Includes Index.</subfield>
  </datafield>
  <datafield tag="650" ind1=" " ind2="0">
    <subfield code="a">Research and development projects</subfield>
    <subfield code="v">Textbooks</subfield>
  </datafield>
  <datafield tag="651" ind1=" " ind2=" ">
    <subfield code="y">BK</subfield>
  </datafield>
  <datafield tag="852" ind1=" " ind2=" ">
    <subfield code="a">KO</subfield>
  </datafield>
  <datafield tag="904" ind1=" " ind2=" ">
    <subfield code="a">Reshma_R</subfield>
  </datafield>
  <datafield tag="942" ind1=" " ind2=" ">
    <subfield code="c">BK</subfield>
  </datafield>
  <datafield tag="952" ind1=" " ind2=" ">
    <subfield code="0">0</subfield>
    <subfield code="1">0</subfield>
    <subfield code="2">ddc</subfield>
    <subfield code="4">0</subfield>
    <subfield code="6">001_420000000000000_W157</subfield>
    <subfield code="7">0</subfield>
    <subfield code="8">MANS</subfield>
    <subfield code="9">6236</subfield>
    <subfield code="a">KO</subfield>
    <subfield code="b">KO</subfield>
    <subfield code="c">GEN</subfield>
    <subfield code="d">2014-12-04</subfield>
    <subfield code="e">M/s Current Books (Inv. No.000983 Dt 2014-11-24)</subfield>
    <subfield code="g">525.00</subfield>
    <subfield code="l">1</subfield>
    <subfield code="o">001.42 W157</subfield>
    <subfield code="p">BK002722</subfield>
    <subfield code="r">2024-09-17</subfield>
    <subfield code="s">2024-09-17</subfield>
    <subfield code="y">BK</subfield>
    <subfield code="z">Gen. Shelf-1, Row-3</subfield>
  </datafield>
</record>
